Сбогом, нощ! (Запис номер 177867)
[ съкратено ]
| 000 -Лидер | |
|---|---|
| Контролно поле с фиксирана дължина | 02100nam a2200433 c 4500 |
| 003 - Код на организацията, давaща контролен номер | |
| Контролно поле | BLK |
| 005 - Дата и час на последна редакция | |
| Контролно поле | 20241216105633.0 |
| 008 - Елементи от данни с фиксирана дължина | |
| fixed length control field | 180411b bul|||||r ||||||| ||bul|| |
| 010 ## - Наследен системен номер | |
| LC control number | KNG00186564000 |
| 020 ## - Международен стандартен номер на книга ISBN | |
| Международен стандартен номер на книга ISBN | 978-954-09-0957-8 |
| -- | издат.: Захарий Стоянов |
| 040 ## - Източник на каталожния запис | |
| Идентификатор на билиотеката - собственик на записа | BLK |
| 041 ## - Код за език | |
| Код за езика на текст/звукозапис или на отделно заглавие | Български |
| Код за езика КДБФ | Български |
| 072 #7 - Код за тематичната категория | |
| Код организация | bullib |
| Код за тематична категория | Н84 |
| Текст | Българска художествена литература Н |
| 080 ## - УДК | |
| Текстов определител УДК | Българска литература |
| УДК код - определител по УДК | 821.163.2 |
| УДК определител | -8 |
| УДК - код + определител | 821.163.2-8 |
| 080 ## - УДК | |
| Текстов определител УДК | Драматични театри. Театри за драма и комедия. Вж и 82-2 |
| УДК код - определител по УДК | 792.2 |
| УДК определител | .071.2(497.2)(092) |
| УДК - код + определител | 792.2.071.2(497.2)(092) |
| 080 ## - УДК | |
| Текстов определител УДК | Български актьор |
| УДК код - определител по УДК | 929 Кисьов, Венцеслав Иванов |
| УДК определител | |
| УДК - код + определител | 929 Кисьов, Венцеслав Иванов |
| 100 ## - Редна дума - Автор | |
| Автор | Кисьов, Венцеслав Иванов |
| Дати, свързани с автора | 1946-2014 |
| Автор - информация (биография) | Актьор. Автор на поезия. Преводач от немски език. |
| R(LIN) | 297866 |
| 139 ## - Редно поле | |
| Редна дума | Сбогом, нощ! |
| Авторски знак | Сбо - С 23 |
| 245 10 - Сведения за заглавието | |
| Заглавие | Сбогом, нощ! |
| Подзаглавни данни | Кн. за Венцеслав Кисьов |
| Редно поле (дума) | Венцеслав Иванов Кисьов. |
| 257 ## - Страна на издаване | |
| Страна на създаване/издаване | България |
| 260 ## - Област на издателските данни | |
| -- | София |
| Име на издателя, разпространителя и проч. | Захарий Стоянов |
| Година на издаване | 2015 |
| Печатница | София : ПК Д. Благоев |
| 300 ## - Физическа характеристика | |
| Страници | 196 с. |
| Размери/Мащаб | 22Х20 см |
| 380 ## - Жанр | |
| Жанр | Худож. лит. |
| 600 #0 - Име на лице, използвано като предмет | |
| За него / За нея | Кисьов, Венцеслав Иванов |
| Свързани дати | 1946-2014 |
| Друга информация | Актьор. Автор на поезия. Преводач от немски език. |
| 9 (RLIN) | 297866 |
| 650 #4 - Допълнително описание по предмет – тема | |
| Основно описание – тема или топоним | Кисьов, Венцеслав Иванов |
| 9 (RLIN) | 383471 |
| 650 #4 - Допълнително описание по предмет – тема | |
| Основно описание – тема или топоним | Артисти, български |
| 9 (RLIN) | 255582 |
| 651 #4 - Допълнително описание по предмет - топоним | |
| Географско понятие | България |
| 9 (RLIN) | 241624 |
| 653 ## - Ключова дума – ненормативна | |
| Ключова дума | Венцеслав Кисьов |
| 653 ## - Ключова дума – ненормативна | |
| Ключова дума | стихотворения |
| 653 ## - Ключова дума – ненормативна | |
| Ключова дума | есета |
| 653 ## - Ключова дума – ненормативна | |
| Ключова дума | български артисти |
| 659 ## - Тематичен бюлетин | |
| Тематичен бюлетин | Н |
| 852 ## - Местоположение | |
| Форматна сигнатура | Цб 279575 |
| 856 4# - Електронен адрес и достъп | |
| Електронен формат | pdf - файл |
| Път до файла /url/ | |
| 856 4# - Електронен адрес и достъп | |
| Електронен формат | pdf - файл |
| Път до файла /url/ | |
| 942 ## - АРТИКУЛИ | |
| Вид на библиотечния материал | Книги |
| Скрит в OPAC | Не |
| Koha issues (borrowed), all copies | 5 |
| 944 ## - СЪЗДАВАНЕ И РЕДАКЦИЯ на ЗАПИСА | |
| Създаване/Редакция | Създаване |
| Дата на регистрацията/редакция | 17.02.2016 |
| Статус, дата на статуса | Мартин Енчев |
| Служител, извършил регистрацията/редакцията | 30575 |
| 944 ## - СЪЗДАВАНЕ И РЕДАКЦИЯ на ЗАПИСА | |
| Създаване/Редакция | Редакция |
| Дата на регистрацията/редакция | 10.06.2016 |
| Статус, дата на статуса | ф / |
| Служител, извършил регистрацията/редакцията | Пенка_Димитрова |
| 999 ## - СИСТЕМНИ КОНТРОЛНИ НОМЕРА | |
| Koha biblionumber | 177867 |
| Koha biblioitemnumber | 177867 |
| Код за отписване | Код за изгубен артикул | Код за повреда | Коз за рестрикции | Код за отдаване | Артикулен № | Име на библиотеката - собственик | Име на библиотеката, в която се намира в момента | Статус (Текущо местоположение) | Дата на вписване в системата | Местоположение - отдел | Цена в лева | Инвентарен номер | Систематично азбучна сигнатура | Баркод | Номер на екземпляра | Цена в евро | Служебна бележка | Служебен тип на артикула |
|---|---|---|---|---|---|---|---|---|---|---|---|---|---|---|---|---|---|---|
| Не е изгубен | Не е повреден | без рестрикции | заемане за дома | 305567 | Регионална библиотека "Любен Каравелов" Русе | Регионална библиотека "Любен Каравелов" Русе | Заемна - подръчен фонд | 2016-02-22 | Заемна - подръчен фонд | 10.50 | 120000798167 | П 886.7-8/С 23 | 120000798167 | 1 | 5.37 | Дост: Pk Вид: Ф N: 2574 Дата: 15.02.2016 Дата инв: 12.02.2018 Бележки инв: П2018 | Книги | |
| Не е изгубен | Не е повреден | без рестрикции | ползва се в читалня | 305568 | Регионална библиотека "Любен Каравелов" Русе | Регионална библиотека "Любен Каравелов" Русе | Хранилище | 2016-06-10 | Хранилище | 15.00 | 120000800812 | Цб 279575 | 120000800812 | 2 | 7.67 | Дост: Dp Вид: Д N: 17 Дата: 31.03.2016 | Книги |